01500nam a22002537a 4500999001700000003000900017008004100026040007100067082001900138100002600157245003200183260005200215300002800267505064300295650002700938650001700965650003300982700003301015700003201048700003001080942001601110945002101126952009901147 c19515d19515AR-CdUCM190517b ||||| |||| 00| 0 spa d aMUNICIPALIDAD PROVINCIAL DEL CUSCOcBIBLIOTECA MUNICIPAL DEL CUSCO a940.531 /bJ61 aJimenez de Agua, Luis aEl mundo de la postguerra / aBuenos Aires :bEdit. Mundo Atlántico,c1944. a219 páginas ;c21 cm. aContenido: t. 1. La seguridad colectiva, por Vicente Rojo. Hacia un nuevo derecho civil, por Angel Ossorio. La endocrinología del porvenir, por Juan Cuatrecasas. Perspectivas del pueblo judío, por Alberto Gerchunoff -- t. 2. El derecho penal del futuro, por Luis Jiménez de Asúa. La higiene mental en la postguerra, por Emilio Mira y López. Los estados soberanos y la paz, por Guillermo Díaz Doin. La economía del mañana, por Guillermo Perales -- t. 3. Regresión jurídica en el siglo XX [por] Niceto Alcalá-Zamora. Hacia una paz durarera [por] Adolfo Mitre. Lo que llaman Hispano-americanismo [por] J. Mora Guarnido. aReconstrucción95638 aGuerra91007 aDerecho penal liberal940890 aMira y Lopez, Emilio 916117 aDIaz Doin, Guillermo940891 aPereles, Guillermo940892 2ddccLIBROS adavvd2019-05-17 002ddc4070aSHbSHcCARTd2019-05-17g30.00o940.531 / J61pSH0000014334r2019-05-17yLIBROS